Desktop publishing : (Record no. 155601)
[ view plain ]
| 000 -LEADER | |
|---|---|
| fixed length control field | 00689pam a2200217 a 4500 |
| 008 - FIXED-LENGTH DATA ELEMENTS--GENERAL INFORMATION | |
| fixed length control field | |
| 020 ## - INTERNATIONAL STANDARD BOOK NUMBER | |
| International Standard Book Number | 0747201552(hbk.) |
| 049 ## - LOCAL HOLDINGS (OCLC) | |
| Holding library | MAIN |
| 090 ## - LOCALLY ASSIGNED LC-TYPE CALL NUMBER (OCLC); LOCAL CALL NUMBER (RLIN) | |
| Classification number (OCLC) (R) ; Classification number, CALL (RLIN) (NR) | Z253.53 |
| Local cutter number (OCLC) ; Book number/undivided call number, CALL (RLIN) | COL |
| 003 - CONTROL NUMBER IDENTIFIER | |
| control field | |
| 005 - DATE AND TIME OF LATEST TRANSACTION | |
| control field | 20230123133837.0 |
| 040 ## - CATALOGING SOURCE | |
| Transcribing agency | NUST |
| 100 1# - MAIN ENTRY--PERSONAL NAME | |
| Personal name | Collier, David. |
| 245 10 - TITLE STATEMENT | |
| Title | Desktop publishing : |
| Remainder of title | source book : ready-to-use layouts and ideas for DIP users / |
| Statement of responsibility, etc. | David Collier and Kay Floyd. |
| 260 ## - PUBLICATION, DISTRIBUTION, ETC. | |
| Place of publication, distribution, etc. | London : |
| Name of publisher, distributor, etc. | Headline, |
| Date of publication, distribution, etc. | 1989. |
| 300 ## - PHYSICAL DESCRIPTION | |
| Extent | 143 p. : |
| Other physical details | ill. ; |
| Dimensions | 23 cm. |
| 653 ## - INDEX TERM--UNCONTROLLED | |
| Uncontrolled term | Desktop publishing |
| -- | Applications of microcomputer systems |
| 700 1# - ADDED ENTRY--PERSONAL NAME | |
| Personal name | Floyd, Kay. |
| 907 ## - LOCAL DATA ELEMENT G, LDG (RLIN) | |
| a | .b1002993x |
| b | 30-09-13 |
| c | 17-04-03 |
| 942 ## - ADDED ENTRY ELEMENTS (KOHA) | |
| Koha item type | Ordinary Loan Books |
| Call number prefix | Z253.53 |
| Call number suffix | COL |
| Date last seen | Total Checkouts | Full call number | Barcode | Cost, replacement price | Price effective from | Koha item type | Lost status | Source of classification or shelving scheme | Damaged status | Not for loan | Collection | Withdrawn status | Home library | Current library | Shelving location | Date acquired | Cost, normal purchase price |
|---|---|---|---|---|---|---|---|---|---|---|---|---|---|---|---|---|---|
| 01/23/2023 | 10 | Z253.53 COL | 92003020292 | 80.00 | 01/23/2023 | BOOKS | LCC | NFIC | MAIN | MAIN | GEN | 01/23/2023 | 80.00 |